000 00652nam a2200241Ia 4500
003 OSt
005 20220918205632.0
006 a|||||r|||| 00| 0
007 ta
008 220917b |||||||| |||| 00| 0 eng d
024 _a117,369
037 _cTextual
040 _aARTS
_cARTS
_beng
041 _2eng
_aeng
082 _aV65:1:N5, K4 (
100 _aNewbury C W
_9107279
245 0 _aWest African commonwealth
260 _aNA
_bNA
_c1964
490 _aDuke University Commonwealth studies centre publications; 22
650 _aHISTORY
942 _hV65:1:N5, K4 (
_cTEXL
_2CC
999 _c240651
_d240651